[Event "NOR-ch U10"]
[Site "Oslo"]
[Date "2015.07.08"]
[Round "6"]
[White "Almli, Eivind Andreas"]
[Black "Hina, Ariza"]
[Result "0-1"]
[WhiteElo "780"]
[BlackElo "864"]
[PlyCount "60"]
[EventDate "2015.07.04"]
[EventType "swiss"]
[EventRounds "9"]
[EventCountry "NOR"]
[SourceTitle "EXT 2017"]
[Source "ChessBase"]
[SourceDate "2016.10.25"]
[SourceVersion "1"]
[SourceVersionDate "2016.10.25"]
[SourceQuality "1"]

1. e4 e5 2. Nf3 Nc6 3. Nc3 Nf6 4. d3 Bc5 5. h3 d6 6. Be2 Be6 7. 0-0 Qd7 8. a3 0-0-0 9. b4 Bb6 10. Na4 Bd4 11. Nxd4 Nxd4 12. Nc3 Qc6 13. Bd2 d5 14. exd5 Nxd5 15. Nxd5 Bxd5 16. f3 Qxc2 17. Qxc2 Nxc2 18. Rac1 Nd4 19. Rfe1 Rd6 20. Be3 Re8 21. Kf2 Ra6 22. Ra1 Nc2 23. d4 Rae6 24. dxe5 Nxa1 25. Rxa1 Rxe5 26. Bxa7 Rxe2+ 27. Kg3 b6 28. Rc1 Kb7 29. Bxb6 cxb6 30. Rd1 Be6 0-1